000 00497nam a22001697a 4500
005 20251108172329.0
008 250721s9999 xx 000 0 ara d
082 1 4 _aط/ق/عزر
100 1 _aقرطاس، وداد المقدسي
_eإعداد
245 1 0 _aعزرائيل و الطبيب /
264 1 _aبيروت :
_bمكتبة سمير،
300 _a16ص : مص
490 0 _aسلسلة مناهل المقدس
650 1 7 _aأدب الأطفال
942 _2ddc
_cBK
999 _c76375
_d76375